000 00198 a2200097 4500
001 46709
100 _aConstable
245 _aHorrido
260 _aLondon
_bArthur barker
_c
090 _c29806
_d29806
942 _aNUST-CAE
_cM
_c22009
999 _c281782
_d281782